[Event "Canadian op"]
[Site "Edmonton"]
[Date "2005.07.17"]
[Round "10"]
[White "Pivovarov, Juraj"]
[Black "Hagan, Jeff"]
[Result "1/2-1/2"]
[WhiteElo "1615"]
[BlackElo "1538"]
[PlyCount "90"]
[EventDate "2005.07.09"]
[EventType "swiss"]
[EventRounds "10"]
[EventCountry "CAN"]
[SourceTitle "CBM 107 Extra"]
[Source "ChessBase"]
[SourceDate "2005.09.01"]
[SourceVersion "1"]
[SourceVersionDate "2005.09.01"]
[SourceQuality "1"]

1. c4 c5 2. g3 Nc6 3. Bg2 Qc7 4. Nc3 Nf6 5. Nf3 a6 6. 0-0 g6 7. d4 cxd4 8. Nxd4 Bg7 9. Nf3 d6 10. Bd2 Bf5 11. Rc1 Qd7 12. Re1 Bh3 13. Bh1 0-0 14. Nd5 Nxd5 15. cxd5 Ne5 16. Bc3 Nxf3+ 17. Bxf3 Rac8 18. Bxg7 Rxc1 19. Qxc1 Kxg7 20. Qc3+ f6 21. Rc1 Rc8 22. Qxc8 Qxc8 23. Rxc8 Bxc8 24. Be4 a5 25. f4 b6 26. Kf2 Kf7 27. Ke3 Ke8 28. Kd4 Kd8 29. Bd3 Kc7 30. Bb5 Kd8 31. e4 g5 32. e5 dxe5+ 33. fxe5 f5 34. e6 f4 35. gxf4 gxf4 36. Ke5 f3 37. d6 f2 38. d7 Bb7 39. Bf1 Bf3 40. a3 h5 41. h4 Kc7 42. Kf4 Bg4 43. Ke5 Bf3 44. Kf4 Bg4 45. Ke5 Bf3 1/2-1/2